| 000 | 00665 a2200169 4500 | ||
|---|---|---|---|
| 003 | Nust | ||
| 005 | 20221021125033.0 | ||
| 040 | _cNust | ||
| 082 | _a620.11296,GOL | ||
| 100 |
_aGoldsmid .H.J _9101093 |
||
| 245 |
_aThe Thermal Properties of Solids / _cH.J Goldsmid |
||
| 260 |
_aLondon _bRouteledge _c1965 |
||
| 300 | _a72:p | ||
| 505 | _aThermal Properties and Their Measurement (Page-1), Insulator, Metals and Semiconductors (Page-19), Properties of the Crystal Lattics (Page-30), The Specific Heat and Thermal Conductivity of Metals (Page-47), Thermal Effects in Semiconductors (Page-54) | ||
| 650 |
_a Thermal Properties of Solids _9101094 |
||
| 942 |
_2ddc _cBK |
||
| 999 |
_c182973 _d182973 |
||